000 01512cam a22003977i 4500
999 _c534543
_d534543
001 18264174
003 NUST
005 20200302120015.0
008 140812t20122012njua b 001 0 eng d
010 _a 2014412925
016 7 _a016220733
_2Uk
020 _a9781891121982
020 _a1891121987
035 _a(OCoLC)ocn781677209
038 _awaseem
040 _aBTCTA
_beng
_cBTCTA
_dYDXCP
_dBWX
_dUAT
_dTXA
_dMUU
_dUKMGB
_dVRC
_dOCLCF
_dOCLCQ
_dDLC
_erda
042 _alccopycat
050 0 0 _aTK6592.D6
_bA43 2012
082 _a621.3848
_bALA
100 1 _aAlabaster, Clive.
_928745
245 1 0 _aPulse Doppler radar :
_bprinciples, technology, applications /
_cby Clive Alabaster.
264 1 _aEdison, NJ :
_bSciTech Publishing,
_c2012.
264 4 _c©2012
300 _axiv, 411 pages :
_billustrations (some color) ;
_c27 cm
336 _atext
_btxt
_2rdacontent
337 _aunmediated
_bn
_2rdamedia
338 _avolume
_bnc
_2rdacarrier
500 _aColoured illustrations on endpapers.
504 _aIncludes bibliographical references (page 396) and index.
505 0 _apt. I. Basic concepts -- pt. IIA. High pulse repetition frequency pulse doppler radar -- pt. IIB. Medium pulse repetition frequency pulse doppler radar -- pt. III. Case studies.
650 0 _aDoppler radar.
_928746
650 0 _aPulse techniques (Electronics)
_928747
906 _a7
_bcbc
_ccopycat
_d3
_encip
_f20
_gy-gencatlg
942 _2ddc
_cBK